Lituanie - Trouvez les régions de Lituanie - Statistiques

Statistiques générales
  • Ce quiz a été pris 444 fois
  • Le résultat moyen est 5 sur 10
Réponses sur la Carte
Les réponses sont colorées sur une échelle allant du rouge au vert en fonction du pourcentage des utilisateurs qui les ont devinées à leur premier essai. Vous pouvez retrouver ces pourcentages ci-dessous.
 
Statistiques - réponses
Apskritis % Correct
Vilnius
96%
Kaunas
81%
Klaipėda
61%
Marijampolė
41%
Alytus
39%
Šiauliai
39%
Utena
39%
Panevėžys
37%
Tauragė
34%
Telšiai
29%
Aucun quiz correspondant
Distribution des résultats
% des personnes avec chaque résultat
Percentile par nombre de réponses
Votre historique - résultats
Vous n’avez pas pris ce quiz